[Event "47th GER-ch Blitz 2020"]
[Site "Magdeburg"]
[Date "2020.08.15"]
[Round "14.9"]
[White "Voege, Tobias"]
[Black "Koch, Thomas"]
[Result "0-1"]
[WhiteElo "2326"]
[BlackElo "2461"]
[Annotator "TA"]
[PlyCount "108"]
[EventDate "2020.07.28"]
[EventType "tourn"]
[EventCountry "GER"]
[SourceTitle "playchess.com"]
[Source "ChessBase"]
[SourceQuality "1"]

{[%evp 19,108,-24,-8,-39,-23,-51,-36,-62,-59,-61,-42,-63,-56,-74,-72,-73,-71,-61,-28,-42,-53,-107,-92,-89,-91,-99,-90,-77,-65,-79,-73,-79,-79,-191,-79,-85,-79,-110,-118,-116,-110,-117,54,-100,0,0,0,0,0,0,0,0,6,0,12,27,36,30,58,51,58,6,66,-114,6,6,6,6,952,262,262,47,230,0,0,0,625,0,1,0,12551,-41,-48,-218,0,-116,-118,-29982,-29983,-29986,-29987]} 1. d4 Nf6 2. c4 e6 3. Nc3 Bb4 4. Nf3 b6 5. Bg5 h6 6. Bh4 Bb7 7. e3 Bxc3+ 8. bxc3 d6 9. Qc2 Nbd7 10. Bd3 Qe7 (10... g5 $5 11. Bg3 $8 g4 $11) 11. a4 {E13: Queen's Indian/Nimzo-Indian hybrid: 4 Nc3 Bb7 5 Bg5 h6 6 Bh4 Bb4.} a5 (11... g5 $5 12. Bg3 $8 h5 $15) 12. e4 {[#]} e5 $146 ({Predecessor:} 12... g5 13. Bg3 Nh5 14. O-O Nf4 15. Nd2 h5 16. f3 O-O-O 17. Rab1 Rdg8 18. h3 e5 {0-1 (31) Chojnacki,K (2442)-Jaracz,P (2548) Trzcianka 2013}) 13. Nd2 {Black is slightly better.} g5 14. Bg3 Nh5 15. O-O-O O-O-O 16. Kb2 Qf6 17. Nb3 Bc6 18. Ka3 Qe7 19. d5 Bb7 20. c5 (20. Rb1 $15) 20... Nxc5 21. Nxc5 dxc5 22. c4 Nf4 23. f3 Rhg8 24. h3 h5 25. Qb2 Ba6 26. Rhg1 (26. Qc3 $17) 26... Rg6 (26... Nxd3 $19 27. Rxd3 Bxc4) 27. Qc3 $17 Re8 28. Bf2 g4 29. hxg4 hxg4 30. Be3 f6 $2 (30... Kb8 $17 31. Bxf4 exf4) 31. Rdf1 $2 (31. Bxf4 $1 $14 {keeps the upper hand.} gxf3 32. Be3 fxg2 33. Be2) 31... Reg8 (31... gxf3 $17 32. gxf3 Rxg1 33. Rxg1 Nxd3 34. Qxd3 Rh8) 32. Bxf4 $1 $11 exf4 33. e5 $1 fxe5 34. Bxg6 Rxg6 35. Re1 Rg5 36. Rh1 Kb7 37. Qd3 Qf6 38. Rh7 Rg7 39. Rxg7 Qxg7 $14 {[%mdl 4096] Endgame KQR-KQB} 40. Qe4 ({Better is} 40. Qc3 $14) 40... gxf3 (40... Kb8 $11) 41. d6+ $2 (41. gxf3 $14 {was the only good move.} Ka7 42. Qd3) 41... Kb8 (41... Ka7 $17 42. gxf3 cxd6) 42. dxc7+ $11 Kxc7 43. gxf3 {Black must now prevent Rh1.} Kd6 $2 {[%mdl 8192]} (43... Bb7 $11 44. Qf5 Bc6) 44. Rd1+ $2 (44. Qa8) 44... Kc7 $18 45. Qd5 $2 ({Worse is} 45. Qa8 Bc8 $11) (45. Rh1 $1 $18 {[%cal Rh1h7]} Kb8 46. Rh7) 45... Qe7 $2 (45... Bc8 $1 $14) 46. Qa8 $2 ({White should play} 46. Rh1 $18 Kb8 47. Rh8+ Bc8 48. Rg8) 46... Bb7 $11 47. Qg8 e4 $2 {[%mdl 8192]} ({Not} 47... Bxf3 $2 48. Rg1 $18) (47... Bc6 $11) 48. fxe4 $2 (48. Rg1 $18 {Threatens to win with Rg7!} Qe5 49. Rg7+ Kc6 50. Kb3 exf3 51. Rg6+ Kc7 52. Re6 Qe3+ 53. Rxe3 fxe3 54. Qf7+ Kc8 55. Qe8+ Kc7 56. Qxe3) 48... Bxe4 49. Rg1 {[#] Strongly threatening Rg7!} Bh7 $2 {[%mdl 8192]} (49... Bg6 $1 $11 {[%mdl 512]} 50. Qxg6 (50. Rxg6 Qe3+) 50... Qe3+ 51. Kb2 Qd2+ 52. Ka3 Qb4+ 53. Ka2 Qxc4+ 54. Ka3 Qb4+ 55. Ka2 Qxa4+ 56. Kb2 Qd4+ 57. Kc2 Qc4+ 58. Kb1 Qb4+ 59. Kc2 Qc4+ 60. Kb1 Qb4+ 61. Kc2 Qc4+) 50. Qg2 $2 (50. Qg7 $18 Qd7 51. Qxd7+ Kxd7 52. Rg7+ {[%mdl 64] Double Attack} Ke6 53. Rxh7) 50... Qe3+ $15 51. Ka2 $2 {[#]} (51. Kb2 $1 $15 Bd3 52. Qg7+ Kc6 53. Rg2) 51... Bf5 $2 (51... Bd3 $1 $19 {[%cal Rd3c4]} 52. Qg7+ Kc6 53. Rg6+ Bxg6 54. Qxg6+ Kb7 55. Qf7+ Kc6 56. Qd5+ Kc7 57. Qf7+ Kd8 58. Qf8+ Qe8 59. Qxf4 Qxa4+ 60. Kb2 Qc6) 52. Qg7+ {[#]} (52. Rd1 $11 {remains equal.}) 52... Bd7 $1 $17 53. Rd1 $2 {[%mdl 8192]} (53. Kb2 $17) 53... Qe2+ {[%mdl 64] Double Attack} 54. Kb3 Qxd1+ {Accuracy: White = 42%, Black = 54%.} 0-1

[Event "47th GER-ch Blitz 2020"]
[Site "Magdeburg"]
[Date "2020.08.15"]
[Round "14.10"]
[White "Holtel, Jasper"]
[Black "Meier, Georg"]
[Result "1/2-1/2"]
[WhiteElo "2305"]
[BlackElo "2621"]
[Annotator "TA"]
[PlyCount "121"]
[EventDate "2020.07.28"]
[EventType "tourn"]
[EventCountry "GER"]
[SourceTitle "playchess.com"]
[Source "ChessBase"]
[SourceQuality "1"]

{[%evp 9,121,39,65,60,57,41,38,38,59,21,44,39,53,0,0,-25,-27,-44,-35,-29,-22,-50,-54,-39,-37,-41,-27,-41,-33,-52,-38,-49,-45,-43,-43,-59,-66,-92,-76,-103,-100,-129,-84,-112,-89,-100,-100,-112,-50,-51,-39,-106,-95,-310,-301,-305,-292,-289,-287,-442,-308,-303,-283,-339,-230,-230,-228,-197,-51,-240,-222,-161,0,-104,-71,-300,-275,-271,-166,-166,-147,-143,0,0,0,0,0,0,0,0,0,0,0,0,0,0,0,0,0,0,0,0,0,0,0,0,0,0,0,0,0,0,0,0]} 1. e4 e6 2. d4 d5 3. exd5 exd5 4. Nf3 Bf5 5. Bd3 Ne7 6. O-O {C01: French: Exchange Variation.} Nbc6 7. c3 Qd7 8. Re1 {White is slightly better.} O-O-O 9. b4 {[#]} Bxd3 $146 ({Predecessor:} 9... f6 10. a4 g5 11. a5 Ng6 12. b5 Nb8 13. Bf1 Bg4 14. Nbd2 h5 15. Ba3 Bxa3 16. Rxa3 {½-½ (60) Rosselli del Turco,S-Canal,E Viareggio 1921}) 10. Qxd3 Qf5 11. Qxf5+ (11. Qd1 $14) 11... Nxf5 $11 12. Bf4 f6 13. h3 g5 14. Bh2 h5 15. Nfd2 Kd7 16. Nf1 Bd6 17. Nbd2 Bxh2+ 18. Kxh2 Rhe8 19. g3 Nce7 20. Kg2 Nc8 21. Ne3 Nxe3+ 22. fxe3 Nd6 23. Re2 Re6 24. Rf1 Rde8 25. Kf2 b6 26. Kf3 a6 27. Rfe1 f5 28. Kg2 Ne4 (28... Nb5 $17 29. Nb1 Rc6) 29. Nxe4 $15 Rxe4 {[%mdl 4096] Endgame KRR-KRR} 30. Kf3 (30. Rf2 $15) 30... h4 $17 31. Rg1 $2 (31. gxh4 $17 Rxh4 32. Kg2) 31... g4+ $19 32. Kf2 gxh3 33. gxh4 Rxh4 34. Kg3 (34. Rh1 $142) 34... Rh7 35. Kh2 {[#]} f4 $1 {[%mdl 512]} 36. Rge1 (36. exf4 Rxe2+) 36... fxe3 37. Rxe3 Rxe3 38. Rxe3 {[#] KR-KR} a5 (38... Rf7 $1 $19 {And now ...Rf2+ would win.} 39. a4 Rf2+ 40. Kxh3 Ra2) 39. a3 $2 (39. bxa5 $15 bxa5 40. Rxh3) 39... Kc6 {Strongly threatening ...a4.} 40. a4 Kd6 $2 ({Black should try} 40... axb4 $19 41. cxb4 Rh4 42. b5+ Kd7) 41. b5 (41. bxa5 $11 bxa5 42. Rxh3 Rxh3+ 43. Kxh3) 41... c6 (41... Re7 {with more complications.} 42. Rxh3 Re2+ 43. Kg1 Ra2 44. Rh6+ Kd7) 42. bxc6 $2 (42. Rf3 $17) 42... Kxc6 43. Rg3 Rh6 {...b5 is the strong threat.} 44. Rg5 Rd6 45. Rg8 b5 (45... Kb7 $17 46. Kxh3 Rc6) 46. Ra8 $11 {The position is equal.} bxa4 {Threatens to win with ...Kb5.} (46... Kb6 $5 47. Rb8+ $8 Ka6 48. Rxb5 Rc6 $11) 47. Rxa5 Re6 48. Ra6+ Kd7 49. Rxa4 Re3 50. Ra5 Kd6 (50... Kc6 $5 {[%cal Re3c3]}) 51. Ra6+ Kc7 52. Ra5 Kd6 53. Ra6+ Kd7 54. Ra5 Ke6 (54... Kc6 $5 {[%cal Re3c3]}) 55. Rc5 Rd3 56. Rc8 Kf5 (56... Kd7 {is interesting.} 57. Rc5 Kd6 58. Rc8 Kd7) 57. Re8 Kg4 58. Re5 Rd2+ 59. Kh1 Rc2 60. Rxd5 Rxc3 (60... Kg3 $5 61. Rg5+ $8 Kh4 $11) 61. Rd8 {Accuracy: White = 63%, Black = 75%.} 1/2-1/2

[Event "47th GER-ch Blitz 2020"]
[Site "Magdeburg"]
[Date "2020.08.15"]
[Round "14.11"]
[White "Langrock, Hannes"]
[Black "Frischmann, Rick"]
[Result "1/2-1/2"]
[WhiteElo "2346"]
[BlackElo "2347"]
[Annotator "TA"]
[PlyCount "27"]
[EventDate "2020.07.28"]
[EventType "tourn"]
[EventCountry "GER"]
[SourceTitle "playchess.com"]
[Source "ChessBase"]
[SourceQuality "1"]

{[%evp 14,27,-8,-3,0,-8,0,-15,0,0,0,0,8,-10,0,0]} 1. d4 d5 2. Nf3 Nc6 3. Bf4 Bg4 4. e3 e6 5. Be2 Bd6 6. Bxd6 cxd6 7. O-O Nf6 8. Nbd2 {The position is equal.} O-O {D02: 1 d4 d5 2 Nf3 sidelines, including 2...Nf6 3 g3 and 2...Nf6 3 Bf4.} 9. c4 dxc4 10. Nxc4 Bxf3 11. Bxf3 d5 12. Nd2 Rc8 13. Rc1 {[#]} Qb6 $146 ({Predecessor:} 13... Qe7 14. Nb3 Rc7 15. a3 {½-½ (15) Galyas,M (2420)-Chetverik,M (2315) Gyula 2000}) 14. Qb3 {A rather calm draw.} 1/2-1/2

[Event "47th GER-ch Blitz 2020"]
[Site "Magdeburg"]
[Date "2020.08.15"]
[Round "14.12"]
[White "Siebrecht, Sebastian"]
[Black "Dobrikov, Marco"]
[Result "0-1"]
[WhiteElo "2429"]
[BlackElo "2290"]
[Annotator "TA"]
[PlyCount "102"]
[EventDate "2020.07.28"]
[EventType "tourn"]
[EventCountry "GER"]
[SourceTitle "playchess.com"]
[Source "ChessBase"]
[SourceQuality "1"]

{[%evp 11,102,19,24,-16,-10,-95,-79,-132,-101,-125,-91,-134,-88,-110,-120,-158,-107,-170,-108,-114,-52,-58,-40,-37,0,-65,8,0,0,0,0,0,75,67,60,0,67,0,49,0,0,10,259,243,435,188,270,0,143,-58,166,24,47,48,35,36,37,-114,-114,-114,-114,-183,-189,-187,-174,-240,-233,-222,-242,-222,-120,-102,0,-116,0,-40,0,0,0,0,0,-1159,-1158,-1064,-1034,-1010,-980,-29998,-29997,-29997,-29997,-29997,-1254]} 1. Nf3 c5 2. c4 Nc6 3. Nc3 e5 4. e3 Nf6 5. d4 cxd4 6. exd4 e4 7. Ng5 {A34: Symmetrical English: 2 Nc3, lines with ...d5.} Bb4 {[#]} 8. h4 $146 (8. d5 $11 h6 9. dxc6 hxg5 10. cxb7 Bxb7 11. Qb3) ({Predecessor:} 8. d5 Bxc3+ 9. bxc3 Na5 10. Ba3 d6 11. c5 O-O 12. cxd6 h6 13. Nh3 Bxh3 14. gxh3 e3 15. Qd4 exf2+ 16. Kxf2 Re8 17. Bd3 Ne4+ 18. Bxe4 Qh4+ 19. Kf3 {½-½ (19) Ponkratov,P (2644)-Inarkiev,E (2693) Mali Losinj 2019}) 8... d5 $17 9. a3 (9. cxd5 $142 Qxd5 10. a3 Bxc3+ 11. bxc3) 9... Bxc3+ 10. bxc3 O-O 11. cxd5 Qxd5 12. Be3 Bg4 13. Qb1 Na5 (13... Rac8 $142 14. Qxb7 Rb8) 14. Qb4 (14. Nh3 $17) 14... Rac8 (14... Qd8 $1 $19 15. c4 Rc8) 15. Nh3 b6 (15... Bxh3 $17 16. Rxh3 Ng4) 16. Nf4 $15 Qf5 17. Ba6 Rc7 18. O-O Nd5 (18... Rd8 $15) 19. Nxd5 Qxd5 20. Bf4 Rc6 21. Rae1 Be6 (21... Rf6 $11 22. Bg5 Rg6) 22. Bb5 Rcc8 23. Ba6 Rc6 24. Bb5 Rcc8 25. Bd6 Rfd8 26. Be7 f5 $2 (26... Bd7 $11 {and Black stays safe.} 27. c4 Nxc4) 27. Bxd8 $18 Rxd8 $2 (27... Qxd8 28. f3 Bd5 29. fxe4 Bxe4) 28. Be2 (28. f3 $142) 28... Qd7 (28... f4 {might work better.} 29. Bd1 Qc6) 29. Bd1 $2 (29. f3 $18) 29... Bd5 {[#]} (29... Bc4 $11) 30. g3 $2 (30. f3 $1 $16) 30... Qf7 $2 {[#]} (30... f4 $15 {keeps the upper hand.} 31. Kh2 (31. gxf4 Nc4 $15) 31... Nc4) 31. f4 (31. f3 $1 $18) 31... Nc4 32. Bb3 Nd2 33. Bxd5 Qxd5 34. Qb2 $2 (34. Rf2 $14 {is the one way to stay ahead.} Nf3+ 35. Rxf3 exf3 36. Qb1) 34... Nxf1 $17 35. Rxf1 {[%mdl 4096] Endgame KQR-KQR} Qc4 36. Rf2 (36. Rc1 $17) 36... Rc8 $19 37. Rc2 h6 38. Kf2 (38. Rc1 {was called for.}) 38... Kh7 39. Rc1 Qd3 {Strongly threatening ...Qf3+.} 40. Kg2 Qf3+ (40... Rc6 $19 {aiming for ...Rg6!} 41. Kh2 b5) 41. Kh2 $17 e3 ({Black should try} 41... Qe3 $17 42. Rc2 Qd3) 42. Re1 (42. Qc2 $11 {remains equal.} Kg6 43. Qg2) 42... Re8 (42... Qe4 $17 43. d5 Qd3) 43. Qe2 Qc6 44. Qd3 Qf3 $36 {[%mdl 2048] Threatens to win with ...Qf2+. Black has the initiative.} 45. Qxf5+ Kh8 {...Qf2+ is the strong threat.} 46. Qc2 $2 {[%mdl 8192]} (46. Qb5 $11 Qf2+ 47. Kh3) 46... e2 $19 {( -> ...Qf2+)} 47. Qd2 Qf2+ 48. Kh3 {[#]} Re3 $1 {[%csl Gf2][%cal Re3g3][%mdl 512]} 49. Kg4 Qxg3+ {Black mates.} 50. Kf5 g6+ 51. Kf6 Qxf4+ {What a fight! Accuracy: White = 43%, Black = 55%.} 0-1

[Event "47th GER-ch Blitz 2020"]
[Site "Magdeburg"]
[Date "2020.08.15"]
[Round "14.13"]
[White "Braun, Georg"]
[Black "Zelbel, Patrick"]
[Result "1/2-1/2"]
[WhiteElo "2360"]
[BlackElo "2448"]
[Annotator "TA"]
[PlyCount "106"]
[EventDate "2020.07.28"]
[EventType "tourn"]
[EventCountry "GER"]
[SourceTitle "playchess.com"]
[Source "ChessBase"]
[SourceQuality "1"]

{[%evp 12,106,30,22,35,0,42,-9,-30,-20,-12,-14,-14,-9,17,0,13,0,13,4,52,50,205,48,37,24,23,24,26,13,11,12,23,27,29,29,30,29,31,31,36,0,0,-10,0,0,0,0,0,-1,18,0,61,44,41,-21,-18,-28,-34,-35,0,-3,0,0,0,0,8,0,0,0,0,-33,0,0,0,0,0,-8,0,0,0,-8,0,0,0,0,0,0,0,0,0,0,0,0,0,0,0]} 1. e4 d5 2. exd5 Qxd5 3. Nc3 Qa5 4. d4 Nf6 5. Bd2 Bg4 6. Be2 Bxe2 7. Qxe2 e6 {[#] is now debated instead of 7...Nc6. B01: Scandinavian Defence.} 8. O-O-O $146 ({Predecessor:} 8. Ne4 Qf5 9. Nxf6+ gxf6 10. Nf3 Nc6 11. O-O-O O-O-O 12. Be3 Nb4 13. a3 Nd5 14. Rhe1 Qg4 15. g3 Nxe3 16. fxe3 {1-0 (68) Vachier Lagrave,M (2780)-Laznicka,V (2648) Moscow 2019}) 8... Bb4 9. a3 (9. d5 $14) 9... Bxc3 $11 10. Bxc3 Qd5 11. Nf3 Nc6 12. Kb1 O-O-O 13. Rhe1 Qh5 14. h3 Nd5 15. Bd2 Nde7 16. Bg5 h6 $2 {[#]} (16... Rhe8 $14) 17. Bxe7 $2 (17. g4 $1 $18 {[%cal Rg4h5]} Qg6 18. Bxe7 {[%mdl 64] Overworked Piece} Nxe7 19. Ne5) 17... Nxe7 $14 18. Ne5 Qxe2 19. Rxe2 Rhf8 20. c3 c5 21. Red2 f6 22. Nf3 c4 23. Re2 Rd6 24. Nd2 Rc6 25. Ne4 b6 26. Ng3 Kd7 27. Nh5 g6 28. Nf4 g5 29. Nh5 Nd5 30. Rde1 a5 31. g3 b5 ({Black should play} 31... Rg8 $11) 32. Ng7 {[%cal Rg7e6]} Nc7 33. f4 (33. d5 $1 $14 exd5 34. Re7+ Kd8 35. Nf5) 33... Rf7 $11 34. Nh5 Nd5 35. Rf1 Rd6 36. g4 gxf4 37. Nxf4 Nxf4 38. Rxf4 {[%mdl 4096] Endgame KRR-KRR} Rd5 39. Kc2 h5 40. Rg2 Rg5 41. h4 Rxg4 (41... Rg6 {seems wilder.} 42. Kd2 Rfg7 43. Rgf2 hxg4 44. Rxf6 Rxf6 45. Rxf6 Rh7) 42. Rfxg4 {The position is equal.} hxg4 43. Rxg4 $15 {KR-KR} Rh7 44. Kd2 Rh5 45. Ke3 Kd6 46. Rg6 Rxh4 {[#] Hoping for ...Rh2.} 47. Rxf6 Rh2 48. Rf2 Rxf2 49. Kxf2 e5 50. dxe5+ $1 Kxe5 51. Ke3 a4 52. Kf3 Kf5 53. Ke3 Ke5 {Accuracy: White = 76%, Black = 78%.} 1/2-1/2

[Event "47th GER-ch Blitz 2020"]
[Site "Magdeburg"]
[Date "2020.08.15"]
[Round "14.14"]
[White "Ehmann, Thilo"]
[Black "Wichmann, Cliff"]
[Result "1-0"]
[WhiteElo "2329"]
[BlackElo "2305"]
[Annotator "TA"]
[PlyCount "65"]
[EventDate "2020.07.28"]
[EventType "tourn"]
[EventCountry "GER"]
[SourceTitle "playchess.com"]
[Source "ChessBase"]
[SourceQuality "1"]

{[%evp 12,65,16,11,29,-47,-44,-312,-306,-310,-306,-422,-260,-282,-114,-125,-99,-163,-140,-262,-233,-270,345,-558,256,267,249,247,808,785,1198,1187,2254,2191,29991,1962,2400,1735,29981,29982,29996,1542,29992,29989,29989,29990,29989,29990,29995,29992,29996,29997,29997,29992,29997,29993]} 1. e4 e6 2. d3 d5 3. Nd2 Nf6 4. Ngf3 b6 5. g3 dxe4 6. dxe4 Bb7 {The main line 6...Bb7 scores better than 6...Bc5.} 7. Qe2 Na6 {[%cal Bb8a6,Ba6b4,Bb4c2][%mdl 32] C00: French: Unusual White 2nd moves.} 8. e5 (8. a3 $11) 8... Nb4 $15 9. exf6 $4 {[%mdl 8192]} (9. Qd1 $1 $15 Bxf3 10. Nxf3 Qxd1+ 11. Kxd1) 9... Nxc2+ $19 {[%mdl 64] Double Attack. Black has a decisive advantage.} 10. Kd1 Nxa1 {[#]} 11. Bg2 $146 ({Predecessor:} 11. Qb5+ c6 12. Qa4 Qxf6 13. Ba6 Rd8 14. Ne5 Ba8 15. f4 Bd6 16. Re1 O-O 17. Bd3 Bxe5 18. fxe5 {1-0 (34) Sigurjonsson,G (2485)-Hansen,J (2200) Gausdal 1987}) 11... gxf6 12. b3 a5 (12... Qd6 $19 {and Black stays clearly on top.} 13. Bb2 O-O-O 14. Bxa1 Bh6 15. Bxf6 Bxd2) 13. Bb2 $17 {[#]} Nxb3 $1 14. axb3 (14. Qb5+ $17 Qd7 15. Qxd7+ Kxd7 16. Nxb3) 14... a4 15. b4 (15. bxa4 $17 {might work better.} Bh6 16. Qb5+ Kf8 17. Bc3) 15... a3 $19 16. Ba1 Qd5 $4 {[%mdl 8192]} (16... Be7 $19 {Threatens to win with ...0-0.} 17. Qb5+ Kf8) 17. Bxf6 $4 {[%mdl 8192]} (17. Nh4 $18 {is the narrow road to win.} Ba6 18. Qe3) 17... Rg8 $4 {[%mdl 8192]} (17... a2 $19 18. Ba1 O-O-O) 18. Nh4 $18 a2 19. Bxd5 $40 {[%mdl 128] White goes for the king.} a1=Q+ $2 (19... Bxd5 20. Rf1 (20. Qb5+ c6 $16) 20... a1=Q+ 21. Bxa1 Rxa1+ 22. Kc2 Ra2+ 23. Kb1 Bg7) 20. Bxa1 Rxa1+ 21. Kc2 Ba6 22. Bc6+ Ke7 23. b5 (23. Nf5+ $142 Kd8 24. Rxa1 Rg5 25. Qxa6 Rxf5 26. Qa8+ Ke7 27. Ne4 Rxf2+ 28. Kd1 Rd2+ {[%mdl 64] Decoy} 29. Kxd2 Bh6+ 30. Ke2 Bg7 31. Qe8#) 23... Rxh1 24. Bxh1 Bc8 25. Nf5+ Kf6 26. Nd4 (26. Ne4+ $142 Ke5 27. f4+ Kxf5 {[#]} 28. Qh5+ $1 {[%mdl 576] Double Attack} Rg5 29. Qxg5#) 26... Bg7 27. Ne4+ {White mates.} Ke7 28. Nc6+ Kf8 29. Qd3 {[%cal Rd3d8]} Bh6 30. Nf6 Rh8 {[#]} 31. Qd8+ $1 {[%mdl 64] Double Attack} Kg7 32. Ne8+ Kf8 33. Qxc8 {Accuracy: White = 17%, Black = 42%.} 1-0

[Event "47th GER-ch Blitz 2020"]
[Site "Magdeburg"]
[Date "2020.08.15"]
[Round "14.15"]
[White "Baskin, Robert"]
[Black "Barzen, Pascal"]
[Result "1-0"]
[WhiteElo "2390"]
[BlackElo "2321"]
[Annotator "TA"]
[PlyCount "111"]
[EventDate "2020.07.28"]
[EventType "tourn"]
[EventCountry "GER"]
[SourceTitle "playchess.com"]
[Source "ChessBase"]
[SourceQuality "1"]

{[%evp 16,111,58,57,558,539,585,586,601,600,585,577,564,562,727,591,595,583,577,547,788,766,952,637,2304,1018,1252,735,690,549,1410,1399,1389,1352,1345,1318,1198,555,566,564,560,548,561,555,554,564,570,547,568,574,604,622,677,682,665,637,858,845,856,836,850,825,1191,1179,1136,1155,1755,1448,2385,2335,1793,5387,4927,3233,29970,29971,29969,29971,6464,6456,4713,3471,29980,29973,29973,29974,29973,29975,29976,29977,29977,29978,29979,29980,29979,29974,29973,29972]} 1. e4 c6 2. Nc3 d5 3. Nf3 Bg4 4. h3 Bh5 5. exd5 cxd5 6. g4 Bg6 7. Bb5+ Nc6 8. Ne5 Qd6 9. d4 {Hoping for Bf4.} e6 $2 {[%mdl 8192] B11: Caro-Kann: Two Knights Variation.} (9... f6 $1 $14 10. Nd3 (10. Nxg6 hxg6 11. Qd3 Kf7 $14) 10... Bxd3 11. Bxd3 (11. Qxd3 e6 $14) 11... e6) 10. Bf4 $18 Be4 11. f3 f6 {White is clearly winning.} 12. Nd3 Qd7 13. fxe4 dxe4 {[#]} 14. Nxe4 $146 ({Predecessor:} 14. Nf2 Bb4 15. Nfxe4 Qd5 16. O-O Qd7 17. d5 e5 18. Bg3 Qc7 19. dxc6 bxc6 20. Nd5 Qd7 21. Nxb4 cxb5 22. Qxd7+ Kxd7 23. Rad1+ Ke8 24. Nd6+ Kf8 25. Bxe5 {1-0 (25) Sukiasyan,A (1949)-Bogachev,A (2063) Novokuznetsk 2013}) 14... Qxd4 15. Qf3 Qb6 16. Bxc6+ Qxc6 17. O-O-O Rc8 {[%csl Gc8][%cal Rc6c2]} 18. Rd2 e5 19. Bg3 Ne7 {[#]} 20. Rf1 (20. Nxe5 $142 $1 Qa6 (20... fxe5 21. Rf1) 21. Nd6+ {[%mdl 64] Discovered Attack} Qxd6 22. Rxd6) 20... Qe6 21. Kb1 Nc6 22. Ndc5 Qc4 23. Nxb7 Nd4 24. Nbd6+ Bxd6 25. Nxd6+ Ke7 26. Nxc4 {Qb7+ would kill now.} Nxf3 27. Rxf3 Rxc4 28. Rfd3 {Strongly threatening Rd7+.} Rc7 29. b3 h5 30. c4 hxg4 31. hxg4 Rh1+ 32. Kb2 Rg1 33. g5 Ke6 34. gxf6 gxf6 35. Bf2 Rf1 36. c5 Kf5 37. Rd6 Kg5 38. Be3+ Kf5 39. Rf2+ Rxf2+ 40. Bxf2 {[%mdl 4096] Endgame KRB-KR} Kg5 41. b4 f5 42. b5 f4 43. b6 axb6 44. cxb6 Rh7 45. Rc6 e4 46. Rc7 Rh8 47. Re7 Kf5 48. a4 Ra8 49. Kb3 {White mates.} e3 {[#]} 50. Bxe3 $1 fxe3 51. Rxe3 {KR-KR} Ra6 52. a5 Rxa5 53. Kb4 Ra6 54. Kb5 Ra1 55. b7 Rb1+ 56. Ka6 {Black got outplayed after the opening. Accuracy: White = 75%, Black = 40%.} 1-0

[Event "47th GER-ch Blitz 2020"]
[Site "Magdeburg"]
[Date "2020.08.15"]
[Round "15.1"]
[White "Barzen, Pascal"]
[Black "Donchenko, Alexander"]
[Result "1-0"]
[WhiteElo "2321"]
[BlackElo "2646"]
[Annotator "TA"]
[PlyCount "63"]
[EventDate "2020.07.28"]
[EventType "tourn"]
[EventCountry "GER"]
[SourceTitle "playchess.com"]
[Source "ChessBase"]
[SourceQuality "1"]

{[%evp 14,63,16,35,37,18,44,18,27,7,27,6,17,11,89,58,93,36,62,4,0,3,39,19,83,0,0,-8,-16,-6,-5,-30,-8,-8,-6,-13,-9,-869,166,172,798,785,746,788,860,774,29962,29959,12460,12453,29995,29996]} 1. e4 c6 2. d4 d5 3. Nd2 dxe4 4. Nxe4 Nf6 5. Nxf6+ exf6 6. c3 Bd6 7. Bd3 O-O 8. Qc2 Re8+ {B15: Caro-Kann: 3 Nc3: 3...g6 and 3...dxe4 4 Nxe4 Nf6 5 Nxf6+ exf6.} 9. Ne2 h5 10. Bd2 Nd7 {The position is equal.} 11. O-O-O Nf8 12. Kb1 {[#]} g6 $146 ({Predecessor:} 12... Be6 13. f4 b5 14. Ng3 b4 15. f5 Bd7 16. Nxh5 bxc3 17. Bxc3 Rb8 18. g4 Bb4 {½-½ (56) Guerra Mendez,J (2531)-Asis Gargatagli,H (2529) Vila Seca 2018}) 13. h3 h4 (13... Be6 $11 {keeps the balance.}) 14. g3 f5 15. c4 (15. Rdg1 $16) 15... b5 16. d5 (16. gxh4 $14 bxc4 17. Qxc4) 16... bxc4 $11 17. Bxc4 cxd5 18. Bxd5 Rb8 (18... Ba6 $11 19. Bxa8 Qxa8) 19. Nf4 ({Better is} 19. Bf4 $16 {Bxd6 is the strong threat.} Rb6 20. Be3) 19... Qb6 20. Bc3 Bxf4 21. gxf4 Be6 22. Rhg1 Red8 23. Bxe6 Nxe6 24. Rxd8+ Rxd8 25. Qxf5 $2 {[%mdl 8192] [#]} (25. Bf6 $11) 25... Nd4 $4 {[%mdl 8192]} (25... Rd1+ $1 $19 {[%mdl 512]} 26. Rxd1 gxf5) 26. Qe5 $18 {Strongly threatening Rd1.} Qa6 $2 {[#]} (26... Qb5 27. Qxb5 Nxb5) 27. Rd1 $1 (27. Bxd4 Qd3+ 28. Kc1 (28. Ka1 Qxd4 29. Rc1 Qxe5 $17) 28... Rxd4 $11) 27... f6 28. Qe4 f5 29. Qe3 Qa4 30. Rxd4 Rxd4 31. Qxd4 {[%csl Gc3][%cal Rd4g7]} ({Worse is} 31. Bxd4 Qd1+ 32. Qc1 Qd3+ 33. Qc2 Qf1+ 34. Qc1 Qd3+ {[%mdl 64] Double Attack} 35. Ka1 Qxd4 $11) 31... Qd1+ 32. Qxd1 {Accuracy: White = 59%, Black = 48%.} 1-0